|
|
|
|
| LEADER |
00000nam a22000007a 4500 |
| 005 |
20180413232046.0 |
| 007 |
cr|||| |||| |
| 008 |
180413s2018 mx |||||s|||| 00||0 spa d |
| 020 |
|
|
|a 978-607-406-996-9
|
| 035 |
|
|
|a 21348
|
| 040 |
|
|
|a vLex
|
| 090 |
|
|
|c 7750
|d 7750
|
| 100 |
1 |
|
|a Luna Guerra, Antonio
|
| 245 |
1 |
0 |
|a Responsabilidades fiscales de los notarios 2018
|h [Recurso electrn̤ico] /
|c Antonio Luna Guerra
|
| 256 |
|
|
|a Servicio en ln̕ea
|
| 260 |
|
|
|a Ciudad de Mx̌ico:
|b Ediciones Fiscales ISEF,
|c 2018
|
| 300 |
|
|
|a 1 recurso electrn̤ico
|
| 500 |
|
|
|a Los NOTARIOS son profesionales del Derecho en quien la sociedad confa̕ para realizar actos necesarios para tener en orden el patrimonio y otros aspectos legales de las personas. Esta obra Cls̀ica de Editorial ISEF, presenta su tratamiento fiscal y su repercusin̤ en materia fiscal.
|
| 506 |
1 |
|
|a Disponible solo en los productos indicados
|d vLex Global
|d vLex Global (Academic Edition, excluding Law Schools)
|d vLex Global (U.S. Academic Edition, Law Schools)
|d vLex Global (U.S. Academic Edition, excluding Law Schools)
|d vLex Global (Academic Edition, Law Schools)
|
| 650 |
0 |
4 |
|a Derecho Fiscal
|z Mx̌ico
|
| 740 |
0 |
|
|a vLex Libros (Servicio en ln̕ea)
|
| 856 |
4 |
0 |
|u http://vlex.com/source/responsabilidades-fiscales-de-los-notarios-2018-21348
|z Acceso restringido
|
| 942 |
|
|
|c BOOK
|
| 999 |
0 |
|
|a Tax Law
|